000 00608nam a22001937a 4500
003 OSt
005 20260122065930.0
008 260122b |||||||| |||| 00| 0 eng d
020 _a0-07-249053-5.
040 _aDWCL-Main lib
_cOC
082 _211th edition
_aGR. 970 B858a 2003
100 _aBrinkley, Alan
245 _aAmerican history :
_ba survey 11th ed.
_cBrinkley, Alan
260 _aN. Y. :
_bMcGraw-Hill ,
_cc2003.
300 _axxix (various paging) :
_bcolored illustration ;
_c27 cm.
650 _21. America-History.
650 _22. United States-History.
942 _2ddc
_cGR
_e11th ed.
_kGR.
_n0
999 _c7719
_d7719